| 000 | 00809nam a22002057a 4500 | ||
|---|---|---|---|
| 999 |
_c6753 _d6753 |
||
| 003 | AR-CdUCM | ||
| 008 | 190319b ||||| |||| 00| 0 spa d | ||
| 040 |
_aMUNICIPALIDAD PROVINCIAL DEL CUSCO _cBIBLIOTECA MUNICIPAL DEL CUSCO |
||
| 082 |
_a100 / _bF53 |
||
| 110 |
_aDepartamento de Investigaciones Educativas de SANTILLANA _919008 |
||
| 245 | _aFilosofía / | ||
| 260 |
_aPerú : _bSANTILLANA , _c1977. |
||
| 300 |
_a304 páginas ; _c23 cm. |
||
| 505 | _aContenido : El saber filosofico -- La estructura psíquica del hombre -- Percepcion -- La imaginacion y la memoria -- La inteligencia -- Motivacion y voluntad -- El problema de la Libertad... | ||
| 650 |
_aFilosofia General _919009 |
||
| 650 |
_aIntroduccion a la Filosofia _919010 |
||
| 650 |
_aFilosofia _9395 |
||
| 942 |
_2ddc _cLIBROS |
||
| 945 | _artm | ||